Estadísticas para Nombra las 10 ciudades con la noria de feria más alta

Haz click aquí para intentar la prueba.

Estadísticas generales

  • Esta prueba ha sido intentada 20 veces
  • La puntuación promedio es 4 de 20

Estadísticas de respuestas

HintRespuesta% Correcto
135 mLondres
95%
213 mDubái
37%
Reino Unido
32%
China
26%
China
26%
China
26%
China
26%
Singapur
26%
165 mSingapur
26%
Australia
21%
168 mLas Vegas
21%
120 mMelbourne
21%
Emiratos Árabes Unidos
16%
Estados Unidos
16%
Estados Unidos
16%
122 mOrlando
11%
120 mChangshá
0%
160 mNanchang
0%
120 mSuzhou
0%
120 mTianjín
0%

Distribución de puntuación

Porcentaje por número respondido

Porcentaje de gente con cada puntuación

Historial de tus puntuaciones

No has intentado esta prueba.